Chile and the United States, 1880-1962. The emergence of Chile's social crisis and the challenge to United States diplomacy
Sparad:
| Huvudupphovsman: | |
|---|---|
| Materialtyp: | Bok |
| Språk: | engelska |
| Publicerad: |
Notre Dame
University of Notre Dame
1963
|
| Serie: | International Studies Series
|
| Ämnen: | |
| Taggar: |
Lägg till en tagg
Inga taggar, Lägg till första taggen!
|
MARC
| LEADER | 00000nam a2200000 a 4500 | ||
|---|---|---|---|
| 001 | UCT7818 | ||
| 003 | CL-VaPUC | ||
| 008 | 970317e19630000us |||||||||||||||||eng|d | ||
| 082 | 0 | 4 | |a 327.830 |b PIK |2 21 |
| 100 | 0 | |a Pike, Fredrick B |e author |9 378994 | |
| 245 | 1 | 0 | |a Chile and the United States, 1880-1962. The emergence of Chile's social crisis and the challenge to United States diplomacy |
| 300 | |a 466 p | ||
| 942 | |c BK | ||
| 945 | |d 19970317 00:00:00 |a paguirre | ||
| 260 | |a Notre Dame |b University of Notre Dame |c 1963 | ||
| 650 | 0 | |a Relaciones Internacionales |9 255740 | |
| 650 | 0 | |a Política internacional |9 255813 | |
| 650 | 0 | |a Desarrollo económico y social |9 256320 | |
| 650 | 7 | |a FILOSOFIA POLITICA |2 CL-VaPUC |9 378995 | |
| 650 | 7 | |a GUERRA MUNDIAL |2 CL-VaPUC |9 346688 | |
| 650 | 0 | |a Conflicto internacional |9 341259 | |
| 651 | 7 | |a CHILE |2 CL-VaPUC |9 378996 | |
| 651 | 0 | |a Estados Unidos |9 255178 | |
| 583 | |a last modification |c 20171220 06:12:25 |k Rodrigo Vera | ||
| 490 | 0 | |a International Studies Series | |
| 999 | |c 256365 |d 256363 | ||
| 952 | |0 0 |1 0 |4 0 |6 327_830000000000000_PIK_1963 |7 0 |8 A |9 279058 |a BIBDER |b BIBDER |d 2019-11-19 |i 1808117 |o 327.830 PIK 1963 |p 1808117 |r 2023-01-25 |w 2019-11-19 |y BK |k DER | ||